000 00385nam a2200169Ia 4500
001 2918
003 IN-NITTTR
005 20251114232938.0
008 251113s9999||||xx |||||||||||||| ||eng||
040 _beng
040 _cIN-NITTTR
041 _aeng
082 _a539 MIL T
100 _aMillman, Peter M.
245 0 _aThis universe of space /
_cMillman, Peter M.
942 _2ddc
_cBK
999 _c4687
_d4687